• 首页
  • 本馆介绍
  • 公告通知
  • 最新文献
  • 馆藏检索
  • 电子资源
  • 读者导购
  • 参考咨询
  • 我的图书馆
  • 登录
  • 详细信息显示
  • 放入我的书架
  • 预约/预借图书
  • 作者相关作品
  • 分类相关作品
  • 丛书相关作品
  • 出版社相关作品

书目信息

  • 表格格式
  • 工作单格式
  • 卡片格式
题名:
(配图)外国散文基本解读
    
 
作者: ;北京师联教育科学研究所 编
分册: 9   哲理思辩卷
出版信息: 北京   人民武警出版社  2002
页数: 212页
开本: 20cm
丛书名: 图书馆外国文学基本典藏
单 册:
中图分类: I16 , I106
科图分类:
主题词: 散文--外国--选集 , 文学--世界
电子资源:
ISBN: 7-80176-024-7
000 01049oam2 2200265 450
001 1555305256
005 20150125152240.09
010    @a7-80176-024-7@dCNY21.60
100    @a20021219d2002 em y0chiy0110 ea
101 1  @achi@cmul
102    @aCN@b110000
105    @aa z 000cd
200 1  @a(配图)外国散文基本解读@9( pei tu ) wai guo san wen ji ben jie du@h9@i哲理思辩卷@f北京师联教育科学研究所编
210    @a北京@c人民武警出版社@d2002
215    @a212页@d20cm
225 2  @a图书馆外国文学基本典藏@e外国文学基本解读
330    @a本书按“哲理思辩”专题和主题编选,除精选历史上著名的散文精品外,重点选编了美国读者文摘等海外有影响,阅读性强,受众广泛,尤其受青少年学生喜爱的现当代散文精品。包括《自由》、《谈自信》、《人人想当别人》、《在海上》等。
461  0 @12001 @a图书馆外国文学基本典藏
606 0  @a散文@y外国@j选集
606 0  @a文学@x世界
690    @aI16@v5
690    @aI106@v4
711 02 @a北京师联教育科学研究所@9bei jing shi lian jiao yu ke xue yan jiu suo@4编
801  0 @aCN@bTSSF@c20150125
905    @aZUCC@dI106@eJY25:9
    
    (配图)外国散文基本解读.9.哲理思辩卷/北京师联教育科学研究所编.-北京:人民武警出版社,2002
    212页;20cm.-(图书馆外国文学基本典藏:外国文学基本解读)
    
    
    ISBN 7-80176-024-7:CNY21.60
    本书按“哲理思辩”专题和主题编选,除精选历史上著名的散文精品外,重点选编了美国读者文摘等海外有影响,阅读性强,受众广泛,尤其受青少年学生喜爱的现当代散文精品。包括《自由》、《谈自信》、《人人想当别人》、《在海上》等。
●
相关链接 在E读中查询图书 在五车中查询图书 在当当中查询图书 在豆瓣中查询图书


正题名:(配图)外国散文基本解读     索取号:I106/JY25:9         预约/预借

序号 登录号 条形码 馆藏地/架位号 状态 备注
1 7855201   278552013   学院路分馆/ [索取号:I106/JY25:9] 在馆    
唐山师范学院图书馆 欢迎您!
大连网信软件有限公司© 版权所有